London Underground - Piccadilly Line Map - Statistics

General Stats
  • This quiz has been taken 176 times
  • The average score is 34 of 53
Answers on the Map
Answers color-coded by a green-red scale on the quiz's map according to % correct below.
 
Answer Stats
Answer % Correct
Cockfosters
92%
Heathrow Terminal 4
90%
Heathrow Terminal 5
90%
Heathrow Terminals 2 & 3
90%
King's Cross St. Pancras
88%
Uxbridge
84%
Arsenal
80%
Covent Garden
80%
Piccadilly Circus
80%
Finsbury Park
76%
Hammersmith
76%
South Kensington
75%
Earl's Court
73%
Hounslow East
73%
Hounslow West
73%
Knightsbridge
73%
Leicester Square
73%
Russell Square
73%
Hounslow Central
71%
Hyde Park Corner
71%
Acton Town
69%
Barons Court
67%
Ealing Common
67%
Green Park
67%
Arnos Grove
65%
Holborn
65%
Wood Green
65%
Caledonian Road
63%
Gloucester Road
63%
Holloway Road
61%
Ruislip
61%
Turnpike Lane
61%
Hatton Cross
59%
Southgate
59%
Ickenham
57%
Hillingdon
55%
Oakwood
53%
Ruislip Manor
53%
South Ealing
53%
Bounds Green
51%
Manor House
51%
Turnham Green
51%
Northfields
49%
Osterley
49%
Park Royal
49%
Rayners Lane
49%
North Ealing
47%
Eastcote
45%
South Harrow
45%
Alperton
43%
Boston Manor
43%
Sudbury Hill
41%
Sudbury Town
41%
No matching quizzes found
Score Distribution
Percent of People with Each Score
Percentile by Number Answered
Your Score History
You have not taken this quiz